Sams teach yourself Macromedia Flash 8 in 24 Hours / (Record no. 737)
[ view plain ]
| 000 -LEADER | |
|---|---|
| fixed length control field | 00768nac a22002051u 4500 |
| 010 ## - LIBRARY OF CONGRESS CONTROL NUMBER | |
| LC control number | 2004097758 |
| 020 ## - INTERNATIONAL STANDARD BOOK NUMBER | |
| International Standard Book Number | 0672327546 (pbk.) |
| 035 ## - SYSTEM CONTROL NUMBER | |
| System control number | (OCoLC)ocm62472297 |
| 082 04 - DEWEY DECIMAL CLASSIFICATION NUMBER | |
| Classification number | 006.786 |
| Item number | K395 |
| 090 ## - LOCALLY ASSIGNED LC-TYPE CALL NUMBER (OCLC); LOCAL CALL NUMBER (OCLC) | |
| -- | 737 |
| -- | 737 |
| 100 ## - MAIN ENTRY--PERSONAL NAME | |
| Personal name | Kerman, Phillip. |
| 245 10 - TITLE STATEMENT | |
| Title | Sams teach yourself Macromedia Flash 8 in 24 Hours / |
| Statement of responsibility, etc | Philip Kerman. |
| 246 30 - VARYING FORM OF TITLE | |
| Title proper/short title | Macromedia Flash 8 in 24 Hours |
| 246 30 - VARYING FORM OF TITLE | |
| Title proper/short title | Teach yourself Macromedia Flash 8 in 24 Hours |
| 260 ## - PUBLICATION, DISTRIBUTION, ETC. (IMPRINT) | |
| Place of publication, distribution, etc | Indianapolis, Ind. : |
| Name of publisher, distributor, etc | Sams,2006 |
| Date of publication, distribution, etc | 2006. |
| 300 ## - PHYSICAL DESCRIPTION | |
| Extent | viii, 612 p. : |
| Other physical details | ill. |
| Dimensions | 24 cm. |
| 650 #0 - SUBJECT ADDED ENTRY--TOPICAL TERM | |
| Topical term or geographic name as entry element | Computer animation. |
| 942 ## - ADDED ENTRY ELEMENTS (KOHA) | |
| Item type | Book - Borrowing |
| Call number prefix | 006.786K395 |
| Withdrawn status | Item status | Source of classification or shelving scheme | Damaged status | Not for loan | Vendor | Home library | Current library | Shelving location | Date acquired | Source of acquisition | Cost, normal purchase price | Total Checkouts | Total Renewals | Full call number | Barcode | Date last seen | Date last borrowed | Cost, replacement price | Koha item type |
|---|---|---|---|---|---|---|---|---|---|---|---|---|---|---|---|---|---|---|---|
| Dewey Decimal Classification | Central Library | Central Library | Lower Floor | 26/07/2006 | 240.00 | 4 | 7 | 006.786 KER | 000003862 | 15/07/2025 | 30/11/2015 | 300.00 | Book - Borrowing |